Para comprender el ecumenismo

Gespeichert in:
Bibliographische Detailangaben
1. Verfasser: Bosch Navarro, Juan (VerfasserIn)
Format: Buch
Sprache:Spanisch
Veröffentlicht: Pamplona Verbo Divino 2005
Ausgabe:5a. ed
Schriftenreihe:Para Leer - Comprender, Vivir, 30
Schlagworte:
Tags: Tag hinzufügen
Keine Tags, Fügen Sie den ersten Tag hinzu!

MARC

LEADER 00000cam a2200000 a 4500
001 UCD2032
003 CL-VaPUC
008 160407e20050000sp |||||||||||||||||spa|d
020 |a 8481693324 
082 0 4 |a 270.82  |b BOS  |2 21 
100 0 |a Bosch Navarro, Juan  |e author  |9 585276 
245 1 0 |a Para comprender el ecumenismo 
250 |a 5a. ed 
300 |a 235 p 
942 |c BK 
945 |d 20160407 22:06:00  |a arojas 
260 |a Pamplona  |b Verbo Divino  |c 2005 
650 0 |a Ecumenismo  |9 255639 
650 0 |a Iglesias  |9 352850 
650 7 |a CONFESIONES RELIGIOSAS  |2 CL-VaPUC  |9 258431 
583 |a last modification  |c 20160418 09:08:19  |k Rodrigo Vera 
490 0 |a Para Leer - Comprender, Vivir, 30 
999 |c 363238  |d 363236 
952 |0 0  |1 0  |3 erb  |4 0  |6 270_820000000000000_BOS_2005  |7 0  |8 A  |9 475125  |a BIBTEO  |b BIBTEO  |i 5280435  |o 270.82 BOS 2005  |p 5280435  |r 2025-01-17  |w 2019-11-24  |y BK  |z Catalogado en:20160407  |k ICR